| 000 | 01794nam a2200469 c 4500 | ||
|---|---|---|---|
| 001 | 21231 | ||
| 003 | ES-MaCES | ||
| 005 | 20150925133835.0 | ||
| 008 | 080620s2008 sp t 000 | spa d | ||
| 017 |
_aBI 1217-2008 _bDL |
||
| 020 | _a9788497258975 | ||
| 035 | _aCES20080006220m | ||
| 040 |
_aES-MaCES _bspa _cES-MaCES |
||
| 245 | 0 | 0 |
_aDerecho de la competencia _b: estudios sobre la Ley 15/2007, de 3 de julio, de defensa de la competencia : actualizado con el RD 261/2008 _cdirectores, Luciano Parejo Alfonso, Alberto Palomar Olmeda ; autores, Ignacio Colomer Hernández ... [et al.] ; prólogo de Luis Berenguer |
| 250 | _a1ª ed | ||
| 260 |
_aLas Rozas (Madrid) _bLa Ley _c2008 |
||
| 300 |
_a687 p. _c25 cm |
||
| 490 | 1 | _aClaves, La Ley | |
| 500 | _aIncluye (p. 609-687): Ley 15/2007, de 3 de julio, de defensa de la competencia | ||
| 541 | _cCompra | ||
| 610 | 1 | 4 |
_aEspaña _tLey de defensa de la competencia _d2007 _92919 |
| 650 | 4 |
_aconcentración económica _928180 |
|
| 650 | 4 |
_amecanismo de control _929918 |
|
| 650 | 4 |
_aprocedimiento administrativo _930919 |
|
| 650 | 4 |
_asanción administrativa _931071 |
|
| 650 | 4 |
_aderecho mercantil _927157 |
|
| 650 | 4 |
_aEspaña _926964 |
|
| 650 | 4 |
_alegislación económica _927161 |
|
| 650 | 4 |
_atexto _929624 |
|
| 650 | 4 |
_acomentario _928971 |
|
| 653 | 1 | 0 | _aDerecho mercantil |
| 650 | 4 |
_927897 _acompetencia |
|
| 700 | 1 |
_aParejo Alfonso, Luciano _920380 |
|
| 700 | 1 |
_aParejo Alfonso, Luciano _edir. _920380 |
|
| 700 | 1 |
_aPalomar Olmeda, Alberto _edir. _920295 |
|
| 700 | 1 |
_aBerenguer, Luis _ecol. _97576 |
|
| 710 | 1 |
_aEspaña _tLey de defensa de la competencia _d2007 _92919 |
|
| 830 | 0 |
_aClaves / La Ley _934382 |
|
| 902 | _aLIB Libro | ||
| 942 |
_2CES _cBK _h6.0.11. |
||
| 999 |
_c21231 _d21231 |
||